Department for Education (Record no. 120296)

MARC details
000 -LEADER
fixed length control field 00808cam a2200181 4500
001 - CONTROL NUMBER
control field WS122800
008 - FIXED-LENGTH DATA ELEMENTS--GENERAL INFORMATION
fixed length control field 030627n 000 0 eng u
035 ## - SYSTEM CONTROL NUMBER
System control number (Sirsi) u122800
110 ## - MAIN ENTRY--CORPORATE NAME
Corporate name or jurisdiction name as entry element Department for Education
9 (RLIN) 1637
245 ## - TITLE STATEMENT
Title Department for Education
Medium [electronic resource]
520 ## - SUMMARY, ETC.
Summary, etc. Web site for this UK government department which deals with educational issues both for children and adult learners. Includes pages aimed at employers showing how to develop business by investing in the workforce and information specifically aimed at adult learners.
650 ## - SUBJECT ADDED ENTRY--TOPICAL TERM
Topical term or geographic name entry element GOVERNMENT
650 ## - SUBJECT ADDED ENTRY--TOPICAL TERM
Topical term or geographic name entry element HIGHER EDUCATION
650 ## - SUBJECT ADDED ENTRY--TOPICAL TERM
Topical term or geographic name entry element EMPLOYERS
690 ## - LOCAL SUBJECT ADDED ENTRY--TOPICAL TERM (OCLC, RLIN)
Topical term or geographic name as entry element CAREERS, EDUCATION AND TRAINING
856 40 - ELECTRONIC LOCATION AND ACCESS
Uniform Resource Identifier <a href="https://www.education.gov.uk/">https://www.education.gov.uk/</a>
Public note View the website free of charge at www.education.gov.uk
942 ## - ADDED ENTRY ELEMENTS (KOHA)
Suppress in OPAC 0
Holdings
Withdrawn status Lost status Source of classification or shelving scheme Damaged status Not for loan Home library Current library Shelving location Date acquired Total Checkouts Full call number Barcode Date last seen Copy number Price effective from Koha item type
    Dewey Decimal Classification     Virtual Virtual Online 27/06/2003   WEB SITE 122800-1001 06/08/2019 1 06/08/2019 Online material